| 000 | 00000nam 2200000za 4500 |
| 001 | 9.852560 |
| 003 | CaOODSP |
| 005 | 20221107154619 |
| 007 | cr ||||||||||| |
| 008 | 180228s1976 onc #ob f000 0 eng d |
| 040 | |aCaOODSP|beng |
| 043 | |an-cn--- |
| 086 | 1 |aR32-447/1976E-PDF |
| 245 | 00|aIndian reserve lands |h[electronic resource] / |cInformation Services, Department of Indian and Northern Affairs. |
| 260 | |aOttawa : |bIndian and Northern Affairs Canada, |c[1976?] |
| 300 | |a5 p. |
| 500 | |aTitle from cover. |
| 500 | |aImperfect: Some pages might be missing. |
| 500 | |aDigitized edition from print [produced by Indigenous and Northern Affairs Canada]. |
| 504 | |aIncludes bibliographical references. |
| 520 | |a"Most Indian reserves are Crown-owned lands which have been set aside for the use and benefit of an Indian band. These reserves have been established in a number of ways: by treaty; by purchase by the Crown or Indian band; by grant of the French or British Crown; by agreement with the provinces; by statute of federal, provincial or colonial governments, or by a combination of two or more of these"--p. [1]. |
| 692 | 07|2gccst|aAboriginal reserves |
| 692 | 07|2gccst|aLegislation |
| 692 | 07|2gccst|aAgreements |
| 710 | 1 |aCanada. |bIndian and Northern Affairs Canada. |
| 856 | 40|qPDF|s2.91 MB|uhttps://publications.gc.ca/collections/collection_2018/aanc-inac/R32-447-1976-eng.pdf |
| 986 | |aQS-0272-000-EE-A-1|a361-0044-E1 |